000 00463 a2200157 4500
999 _c3358
_d3358
020 _a9780713681468
050 _aHD 69 CLI 2006
100 _aClifton, Daphne
245 _aNetwork with confidence :
_bhow to benefit from your business contacts /
_cDaphne Clifton
264 _aLondon :
_bA & C Black,
_c2006
300 _avi, 90p. :
_bill.
440 _aSteps to success
500 _aIncludes index
650 _aBusiness network
942 _2lcc
_cBK
_h69
_iCLI
_kHD